Pays du Monde - Statistiques

Statistiques générales
  • Ce quiz a été pris 2 fois
  • Le résultat moyen est 162 sur 197
Réponses sur la Carte
Les réponses sont colorées sur une échelle allant du rouge au vert en fonction du pourcentage des utilisateurs qui les ont devinées à leur premier essai. Vous pouvez retrouver ces pourcentages ci-dessous.
 
Statistiques - réponses
Pays % Correct
Afghanistan
100%
Algérie
100%
Allemagne
100%
Andorre
100%
Antigua-et-Barbuda
100%
Arabie Saoudite
100%
Argentine
100%
Arménie
100%
Australie
100%
Autriche
100%
Azerbaïdjan
100%
Belgique
100%
Belize
100%
Bhoutan
100%
Biélorussie
100%
Birmanie
100%
Bolivie
100%
Brésil
100%
Bulgarie
100%
Cambodge
100%
Canada
100%
Chili
100%
Chine
100%
Chypre
100%
Colombie
100%
Corée du Nord
100%
Corée du Sud
100%
Croatie
100%
Danemark
100%
Djibouti
100%
Dominique
100%
Égypte
100%
Érythrée
100%
Espagne
100%
Estonie
100%
États-Unis
100%
Éthiopie
100%
Finlande
100%
France
100%
Gambie
100%
Géorgie
100%
Grèce
100%
Grenade
100%
Guinée
100%
Guinée Équatoriale
100%
Guyana
100%
Haïti
100%
Honduras
100%
Hongrie
100%
Inde
100%
Indonésie
100%
Irak
100%
Iran
100%
Irlande
100%
Islande
100%
Israël
100%
Italie
100%
Jamaïque
100%
Japon
100%
Jordanie
100%
Kazakhstan
100%
Kenya
100%
Kirghizistan
100%
Kosovo
100%
Koweït
100%
Laos
100%
Lettonie
100%
Liban
100%
Libye
100%
Liechtenstein
100%
Lituanie
100%
Macédoine du Nord
100%
Madagascar
100%
Mali
100%
Maroc
100%
Maurice
100%
Mexique
100%
Moldavie
100%
Mongolie
100%
Népal
100%
Nicaragua
100%
Niger
100%
Nigeria
100%
Norvège
100%
Nouvelle-Zélande
100%
Oman
100%
Ouzbékistan
100%
Pakistan
100%
Papouasie-Nouvelle- Guinée
100%
Paraguay
100%
Pays-Bas
100%
Pérou
100%
Pologne
100%
Portugal
100%
Qatar
100%
République Dominicaine
100%
République Tchèque
100%
Roumanie
100%
Royaume-Uni
100%
Russie
100%
Saint-Christophe- et-Niévès
100%
Saint-Marin
100%
Sénégal
100%
Serbie
100%
Seychelles
100%
Slovaquie
100%
Slovénie
100%
Somalie
100%
Soudan
100%
Soudan du Sud
100%
Sri Lanka
100%
Suède
100%
Suisse
100%
Suriname
100%
Syrie
100%
Tanzanie
100%
Thaïlande
100%
Tunisie
100%
Turkménistan
100%
Turquie
100%
Ukraine
100%
Uruguay
100%
Vatican
100%
Venezuela
100%
Viêt Nam
100%
Yémen
100%
Zambie
100%
Zimbabwe
100%
Afrique du Sud
50%
Albanie
50%
Angola
50%
Bahamas
50%
Bahreïn
50%
Bangladesh
50%
Barbade
50%
Bénin
50%
Bosnie-Herzégovine
50%
Botswana
50%
Brunei
50%
Burkina Faso
50%
Burundi
50%
Cameroun
50%
Cap-Vert
50%
Comores
50%
Costa Rica
50%
Côte d'Ivoire
50%
Cuba
50%
Émirats Arabes Unis
50%
Équateur
50%
Eswatini
50%
États Fédérés de Micronésie
50%
Fidji
50%
Gabon
50%
Ghana
50%
Guatemala
50%
Guinée-Bissau
50%
Îles Marshall
50%
Îles Salomon
50%
Kiribati
50%
Lesotho
50%
Liberia
50%
Luxembourg
50%
Malaisie
50%
Malawi
50%
Maldives
50%
Malte
50%
Mauritanie
50%
Monaco
50%
Monténégro
50%
Mozambique
50%
Namibie
50%
Nauru
50%
Ouganda
50%
Palaos
50%
Palestine
50%
Panama
50%
Philippines
50%
République Centrafricaine
50%
République Démocratique du Congo
50%
République du Congo
50%
Rwanda
50%
Sainte-Lucie
50%
Saint-Vincent-et-les- Grenadines
50%
Salvador
50%
Samoa
50%
Sierra Leone
50%
Singapour
50%
Tadjikistan
50%
Taïwan
50%
Tchad
50%
Timor Oriental
50%
Togo
50%
Tonga
50%
Trinité-et-Tobago
50%
Tuvalu
50%
Vanuatu
50%
Sao Tomé-et-Principe
0%
Aucun quiz correspondant
Distribution des résultats
% des personnes avec chaque résultat
Percentile par nombre de réponses
Votre historique - résultats
Vous n’avez pas pris ce quiz